<?xml version="1.0" encoding="UTF-8"?><marc:collection xmlns:marc="http://www.loc.gov/MARC21/slim">
  <marc:record>
    <marc:leader>00000nam##2200000za#4500</marc:leader>
    <marc:controlfield tag="001">9.681219</marc:controlfield>
    <marc:controlfield tag="003">CaOODSP</marc:controlfield>
    <marc:controlfield tag="005">20200330070251</marc:controlfield>
    <marc:controlfield tag="007">ta</marc:controlfield>
    <marc:controlfield tag="008">150407|2000||||xxc|||||     f|0| 0 fre|d</marc:controlfield>
    <marc:datafield tag="020" ind1=" " ind2=" ">
      <marc:subfield code="a">0-662-84950-7</marc:subfield>
    </marc:datafield>
    <marc:datafield tag="040" ind1=" " ind2=" ">
      <marc:subfield code="a">CaOODSP</marc:subfield>
      <marc:subfield code="b">fre</marc:subfield>
    </marc:datafield>
    <marc:datafield tag="043" ind1=" " ind2=" ">
      <marc:subfield code="a">n-cn---</marc:subfield>
    </marc:datafield>
    <marc:datafield tag="086" ind1="1" ind2=" ">
      <marc:subfield code="a">H43-53/34-2000F</marc:subfield>
    </marc:datafield>
    <marc:datafield tag="110" ind1="1" ind2=" ">
      <marc:subfield code="a">Canada.</marc:subfield>
      <marc:subfield code="b">Santé Canada. </marc:subfield>
      <marc:subfield code="b">Direction générale de la protection de la santé.</marc:subfield>
    </marc:datafield>
    <marc:datafield tag="245" ind1="1" ind2="0">
      <marc:subfield code="a">Normes de preuve pour l'évaluation des aliments visés par des allégations santé : </marc:subfield>
      <marc:subfield code="b">cadre proposé / </marc:subfield>
      <marc:subfield code="c">Publié par le Bureau des sciences de la nutrition, Direction des aliments. </marc:subfield>
    </marc:datafield>
    <marc:datafield tag="260" ind1=" " ind2=" ">
      <marc:subfield code="a">Ottawa - Ontario : </marc:subfield>
      <marc:subfield code="b">Santé Canada. </marc:subfield>
      <marc:subfield code="c">2000.</marc:subfield>
    </marc:datafield>
    <marc:datafield tag="300" ind1=" " ind2=" ">
      <marc:subfield code="a">51p. ; </marc:subfield>
      <marc:subfield code="c">28 cm.</marc:subfield>
    </marc:datafield>
    <marc:datafield tag="500" ind1=" " ind2=" ">
      <marc:subfield code="a">«Le présent document de consultation fait un survol des points suivants: Questions à prendre en considération dans l'élaboration d'un cadre d'évaluation pour les aliments visés par des allégations santé; Les trois types de preuve exigés: innocuité du produit, bien-fondé de l'allégation, assurance de la qualité; Processus d'évaluation; Question liées à la mise en oeuvre de la nouvelle politique sur les allégations relatives aux effets des aliments sur la santé.»--Résumé.</marc:subfield>
    </marc:datafield>
    <marc:datafield tag="520" ind1="3" ind2=" ">
      <marc:subfield code="a">Le présent document de consultation fait un survol des points suivants: Questions à prendre en considération dans l'élaboration d'un cadre d'évaluation pour les aliments visés par des allégations santé; Les trois types de preuve exigés: innocuité du produit, bien-fondé de l'allégation, assurance de la qualité; Processus d'évaluation; Question liées à la mise en oeuvre de la nouvelle politique sur les allégations relatives aux effets des aliments sur la santé.--Résumé</marc:subfield>
    </marc:datafield>
    <marc:datafield tag="563" ind1=" " ind2=" ">
      <marc:subfield code="a">Reliure à anneaux</marc:subfield>
    </marc:datafield>
    <marc:datafield tag="590" ind1=" " ind2=" ">
      <marc:subfield code="a">00-31</marc:subfield>
      <marc:subfield code="b">2000-08-04</marc:subfield>
    </marc:datafield>
    <marc:datafield tag="691" ind1="0" ind2="7">
      <marc:subfield code="a">Promotion de la santé</marc:subfield>
      <marc:subfield code="2">gcpds</marc:subfield>
    </marc:datafield>
    <marc:datafield tag="691" ind1="0" ind2="7">
      <marc:subfield code="a">Aliment</marc:subfield>
      <marc:subfield code="2">gcpds</marc:subfield>
    </marc:datafield>
    <marc:datafield tag="691" ind1="0" ind2="7">
      <marc:subfield code="a">Politique en matière de santé</marc:subfield>
      <marc:subfield code="2">gcpds</marc:subfield>
    </marc:datafield>
    <marc:datafield tag="775" ind1="0" ind2="8">
      <marc:subfield code="t">Standards of evidence for evaluating foods with health claims : </marc:subfield>
      <marc:subfield code="w">(CaOODSP)9.647839</marc:subfield>
    </marc:datafield>
    <marc:datafield tag="776" ind1="0" ind2="#">
      <marc:subfield code="t">Normes de preuve pour l'évaluation des aliments visés par des allégations santé : </marc:subfield>
      <marc:subfield code="w">(CaOODSP)9.642068</marc:subfield>
    </marc:datafield>
  </marc:record>
</marc:collection>
